| Поле | Инд. | ПП | Название | Значение |
|---|---|---|---|---|
| Тип записи | a | |||
| Библиографический уровень | m | |||
| 001 | Контрольный номер | UNIDUBNAc6fad6311b0a4bed9113a9c94683d73b | ||
| 005 | Дата корректировки | 20260424114520.8 | ||
| 017 | a | Номер регистрации авт. права | Акт приемки-передачи 23/2025, 23/2025/1, 23/2025/2 от 14.11.2025 | |
| 020 | a | ISBN | 978-5-89847-744-8 | |
| 040 | b | Код языка каталог. | rus | |
| 041 | 0_ | a | Код языка текста | rus |
| 084 | a | Индекс другой классификации/Индекс ББК | 63.3(2)512я73 | |
| 090 | a | Полочн. индекс | 63.3(2)512я73 | |
| x | Авторский знак | К 683 | ||
| 100 | 1_ | a | Автор | Король М. П. |
| q | Полное имя | Король Марина Петровна | ||
| 100 | 1_ | a | Автор | Кириллов П. Е. |
| q | Полное имя | Кириллов Павел Евгеньевич | ||
| 100 | 1_ | a | Автор | Рябцев С. В. |
| q | Полное имя | Рябцев Сергей Викторович | ||
| 245 | 10 | a | Заглавие | История России в первой половине XVIII века |
| b | Продолж. заглавия | учебное пособие | ||
| c | Ответственность | Министерство науки и образования РФ; Государственный университет "Дубна". Факультет социальных и гуманитарных наук. Кафедра социологии и гуманитарных наук; редактор Л. И. Зорина; рецензент Н. В. Шимон, С. Б. Волкова | ||
| 260 | a | Место издания | Дубна | |
| b | Издательство | Государственный университет "Дубна" | ||
| c | Дата издания | 2025 | ||
| 300 | a | Объем | 57 с. | |
| 336 | a | Термин вида содержания | Текст | |
| 337 | a | Термин типа средства | непосредственный + электронный | |
| 650 | 04 | a | Основная рубрика | история |
| 653 | 0_ | a | Ключевые слова | "дворцовых переворотов эпоха" |
| a | Ключевые слова | XVIII век | ||
| a | Ключевые слова | новое время | ||
| a | Ключевые слова | Петровские реформы | ||
| a | Ключевые слова | Россия | ||
| 655 | a | Жанр/ форма (устаревшее) | учебное пособие | |
| 700 | 12 | a | Автор | Зорина Л. И. |
| e | Роль лиц | редактор | ||
| 700 | 12 | a | Автор | Шимон Н. В. |
| e | Роль лиц | рецензент | ||
| 700 | 12 | a | Автор | Волкова С. Б. |
| e | Роль лиц | рецензент | ||
| 720 | a | Наименование подборки | СЭБ5 | |
| e | Признак/вид подборки | Тематические подборки | ||
| 856 | 40 | a | Имя сервера/домена | Библиотечная система Университета "Дубна" |
| d | Путь | http://lib.uni-dubna.ru/MegaPRO/Web | ||
| i | Указания/сценарий входа | Доступ по номеру читательского билета и фамилии читателя | ||
| u | URL | https://lib.uni-dubna.ru/ProtectedView/Book/ViewBook/34402 | ||
| y | Справочный текст | Электронная версия | ||
| 856 | 40 | a | Имя сервера/домена | ЭБС "Лань" |
| d | Путь | http://e.lanbook.com/ | ||
| i | Указания/сценарий входа | Доступ по логину и паролю | ||
| u | URL | https://e.lanbook.com/book/516055 | ||
| v | Время доступа к ресурсу | 10.04.2026 | ||
| y | Справочный текст | Электронная версия | ||
| 900 | a | Имя электронного ресурса | akt_23_2025_1_Kirillov | |
| 900 | a | Имя электронного ресурса | akt_23_2025_2_Ryabchev | |
| 900 | a | Имя электронного ресурса | obl_Korol_Istoriya_Rossii_XVIII | |
| x | Справочная информация | Обложка | ||
| 900 | a | Имя электронного ресурса | akt_23_2025_Korol | |
| 900 | a | Имя электронного ресурса | Korol_Istoriya_Rossii_XVIII | |
| x | Справочная информация | Полный текст | ||
| 901 | t | Тип документа | m | |
| 952 | a | Тип литературы для КСУ ВШ | УИ |